Closest Countries to China that Don't Share a Border - Statistics

General Stats
  • This quiz has been taken 201 times
    155 since last reset
  • The average score is 19 of 22
Answer Stats
Mi Answer Km % Correct
259 Japan 417
99%
167 South Korea 269
95%
1 Taiwan 2
94%
1,079 Indonesia 1,736
93%
299 Cambodia 481
92%
708 Iran 1,139
92%
946 Malaysia 1,552
92%
93 Uzbekistan 150
92%
1,568 Iraq 2,523
91%
420 Turkmenistan 676
91%
68 Bangladesh 109
89%
416 Philippines 669
88%
1,251 Singapore 2,013
88%
93 Thailand 150
88%
1,022 Brunei 1,645
87%
1,260 Azerbaijan 2,028
85%
1,425 Sri Lanka 2,293
85%
1,444 Armenia 2,324
83%
1,417 Georgia 2,280
83%
1,537 Turkey 2,474
75%
1,325 Oman 2,132
56%
1,419 United Arab Emirates 2,284
53%
No matching quizzes found
Score Distribution
Percent of People with Each Score
Percentile by Number Answered
Your Score History
You have not taken this quiz since the last reset